000 01273nam a2200253 i 4500
001 162838
003 ES-MaACL
005 20230906212620.0
008 050721s1890 fr |||| | spa d
100 1 _aQuintana, Agustín de.
_9131525
245 1 0 _aConfessonario en lengua mixe
_b: con una construcción de las oraciones de la doctrina christiana, y un compendio de voces mixes, para enseñarse a prononciar [sic] la dicha lengua /
_cescrito todo por P. Fr. Agustín de Quintana de la Orden de Predicadores ; publié par le Comte de Charencey.
260 _a[S.l. :
_bs.n.],
_c1890 (
_eAlençon :
_fE. Renaut-de Broise)
300 _ap. 188-334 p. ;
_c22 cm.
530 _aDisponible en formato digital.
534 _pReproducción de la ed. de:
_cPuebla : por la Viuda de Miguel de Ortega, 1733.
546 _aTexto en español y mixe.
595 _aSeparata de: Bulletin de la Société Philologique.
650 0 4 _aPenitencia.
_915920
650 4 _aLengua mixe.
_9155520
650 4 _aIndios de México-
_xLenguas.
_913697
700 1 _aCharencey, Hyacinthe de (
_d1832-1916)
_9155471
852 _aES-MaACL
_jG-2662(4)
_z- Enc. hol.
_z- Enc. en un vol. facticio
856 _uhttp://bdh-rd.bne.es/viewer.vm?id=0000124398&page=1
_zBiblioteca Digital Hispánica
999 _c162838
_d162838